Normal view
MARC view
- Muhammad, Ilyas Justice
Entry Personal Name
001 - CONTROL NUMBER
- control field: 74747
003 - CONTROL NUMBER IDENTIFIER
- control field: NUST
005 - DATE AND TIME OF LATEST TRANSACTION
- control field: 20210628205300.0
008 - FIXED-LENGTH DATA ELEMENTS
- fixed length control field: 210628|| aca||aabn | a|a d
040 ## - CATALOGING SOURCE
- Original cataloging agency: NUST
- Transcribing agency: NUST
100 ## - HEADING--PERSONAL NAME
- Personal name: Muhammad, Ilyas Justice
670 ## - SOURCE DATA FOUND
- Source citation: Work cat.: (NUST): Muhammad, Ilyas Justice, La shareek-o-bay missal, 1995
